| 000 | 00756cam a2200229 4500 | ||
|---|---|---|---|
| 001 | J93618 | ||
| 008 | 090401t1998 xxu||||| |||| 00| 0 eng d | ||
| 035 | _a(Sirsi) u88199 | ||
| 041 | _aeng | ||
| 050 | _a306.1 | ||
| 110 |
_aNationwide Building Society _91019 |
||
| 245 | _aHouse price data supplement : historical house price series. Fourth quarter 1973 - Second quarter 1998) | ||
| 260 |
_aSwindon _bNationwide Building Society _c1998 |
||
| 300 | _a(47)p. ; 30cm. | ||
| 350 | _a0 | ||
| 520 | _aInformation is available on Nationwide`s web site http://www.nationwide.co.uk | ||
| 650 | _aHOUSE PRICE INDICES | ||
| 650 | _aHOUSE PRICES | ||
| 690 | _aPROPERTY-RESIDENTIAL PROPERTY-RESIDENTIAL PROPERTY MARKET | ||
| 942 | _n0 | ||
| 948 | _c28/08/1998 | ||
| 999 |
_c97298 _d97298 |
||